Personnage des aventures de Tintin : le capitaine Chester - Statistiques

Statistiques générales
  • Ce quiz a été pris 51 fois
  • Le résultat moyen est 13 sur 18
Statistiques - réponses
Questions Réponses % Correct
Album dans lequel apparaît le Capitaine Chester. L'Étoile mystérieuse
97%
Le Capitaine Chester offrit à son ami un verre de whisky mais il avait oublié que cet ami était devenu le président d'honneur de la Ligue des marins anti________. Alcooliques
94%
Vieil ami du Capitaine Chester et personnage récurrent dans les aventures de Tintin. Le Capitaine Archibald Haddock
94%
Pays insulaire dans lequel se trouve le Capitaine Chester lorsqu'il apparaît dans cet album. L'Islande
94%
Cet ami lui propose néanmoins de verser une goutte de whisky dans son verre d'eau minérale : "une larme, un ______". Soupçon
85%
Type de bateau de pêche qu'est ce bateau que commande le Capitaine Chester. Un chalutier
85%
Archipel d'Océanie (Mélanésie), grande nation de rugby à VII, plusieurs fois championne du monde et même championne olympique. Chester et son ami citent le nom de cet archipel plusieurs fois dans leurs petits jeux de marins au moment de leur rencontre. Les Îles Fidji
79%
Port de la façade atlantique française où est amarré un cargo commandé par le Capitaine Chester. La Rochelle
76%
Navire que commande l'ami du Capitaine Chester dans cet album-là pour une expédition scientifique. L'Aurore
76%
Album dans lequel le Capitaine Chester est cité pour avoir envoyé un message de félicitations à l'adresse de son vieil ami à la suite de la fausse annonce de son mariage. Les Bijoux de la Castafiore
76%
Nom du bateau que commande le Capitaine Chester dans cet album. Il s'agit également du nom du premier navire transatlantique à propulsion mixte lancé en 1837. Le Sirius
76%
Album dans lequel le Capitaine Chester n'est pas cité mais dans lequel Tintin vogue à bord de son bateau qui a effectivement été loué. Le Trésor de Rackham le Rouge
76%
Nom du périodique "à sensation" fictif qui a faussement annoncé ce mariage dans un article qu'a dû avoir lu le Capitaine Chester. Paris Flash
65%
Album dans lequel le Capitaine Chester est cité en tant que personnage qui consentirait à louer son bateau à son ami. Le Secret de la Licorne
53%
Banquier qui d'après le Capitaine Chester détient la compagnie pétrolière Golden Oil et, en outre, finance une expédition rivale de celle évoquée à la question précédente (le nom que ce personnage porte dans les anciennes versions de l'album en question est également accepté). Bohlwinkel
47%
Poste établi sur le littoral, permettant de communiquer par signaux optiques avec les navires. C'est également une insulte proférée par le Capitaine Chester à l'adresse de son ami (réponse précédente), sans savoir qu'il s'agissait de lui, ami qui l'avait involontairement frappé. Un sémaphore
47%
Pays fictif latino-américain où se trouve, toujours selon le Capitaine Chester, la banque du précédent. le Sao Rico
41%
Nom de ce cargo, également le nom de la défaite du Saint-Empire allié à la Prusse contre les Révolutionnaires français, juste après la chute de la monarchie des Bourbons. Valmy
41%
Aucun quiz correspondant
Distribution des résultats
% des personnes avec chaque résultat
Percentile par nombre de réponses
Votre historique - résultats
Vous n’avez pas pris ce quiz